000 01013nam a2200325 a 4500
001 30733
003 BD-RjUL
005 20211209051617.0
008 140413s1973 nyua b 001 0 eng
020 _a0121619036
035 _a(BD-RjUL)30820
040 _aDLC
_cDLC
_dDLC
_beng
041 _aeng
060 _aWL700 C325h
082 0 0 _a612.8
_bBIO V-3 1977
245 1 0 _aBiology of perceptual systems /
_cEdited by Edward C. Carterette and Morton P. Friedman.
_nVOLUME III.
_pHandbook of perception .
260 _aNew York,
_bAcademic Press,
_c1973.
300 _axix, 521 p.
_billus.
_c24 cm.
490 0 _aHandbook of perception, v. 3
504 _aIncludes bibliographies.
650 0 _aPerception.
_994578
650 0 _aSenses and sensation.
_95252
650 2 _aPerception.
_994579
650 2 _aSensation.
_95252
700 1 _aCarterette, Edward C.
_9244565
700 1 _aFriedman, Morton P.,
_ejoint author.
_9244566
942 _2ddc
_cBK
999 _c30733
_d30733